Statistics for Most Streamed Songs from Happier Than Ever Album by Billie Eilish

Click here to take the quiz!

General Stats

  • This quiz has been taken 82 times
  • The average score is 8 of 16

Answer Stats

StreamsTrack% Correct
1.009MHappier Than Ever
100%
697MTherefore I Am
72%
255MNDA
67%
390MMy Future
65%
253MLost Cause
57%
355MYour Power
57%
175MBillie Bossa Nova
48%
145MOxytocin
48%
71MNot My Responsibility
47%
133MMale Fantasy
38%
160MGetting Older
37%
87MGoldwing
35%
157MHalley's Comet
35%
149MI Didn't Change My Number
32%
74MOverheated
32%
77MEverybody Dies
27%

Score Distribution

Percentile by Number Answered

Percent of People with Each Score

Your Score History

You have not taken this quiz